000 00902nam a22002657i 4500
003 DO-SdBNP
005 20250528100253.0
007 ta
008 250520b2024 |||||||| |||| 00| 0 spa d
020 _a97899455629514
040 _aDO-SdBNP
_bspa
_cBNPHU
_erda
041 _hspa
082 _aRD860.8
_bC744o, 2023
_222
111 1 _aConcurso de Arte y Literatura Bancentral
_cSanto Domingo, República Dominicana)
_d27 : 2023
_987834
245 1 _aObras premiadas :
_bvigesimoséptimo concurso de arte y literatura bancentral 2023
264 _aSanto Domingo :
_bBanco Central,
_c2024.
300 _a153 páginas :
_bilustraciones ;
_c24 cm
336 _ardacontent
_btexto
_2txt
337 _ardamedia
_bsin mediación
_2n
338 _ardacarrier
_bvolumen
_2nc
490 _aBanco Central de la República Dominicana ;
_v323
590 _aInventariado, 2025/DG
910 _aDG
942 _2ddc
_cLBS1
999 _c58243
_d58243